Score 0/20 Timer 05:00
2 Plays Today
Person Missing Word % Correct
Idi ____Amin
92.2%
______ MandelaNelson
92.1%
_______ TutuDesmond
91.8%
Charlize ______Theron
88%
Kofi _____Annan
80.7%
_______ Boutros-GhaliBoutros
75.3%
_____ Selassie IHaile
67.7%
_______ GaddafiMuammar
51.6%
Trevor ____Noah
50.8%
_____ ZuluShaka
48.5%
Person Missing Word % Correct
Frederik Willem de _____Klerk
48%
Queen _________Nefertiti
43.3%
Didier ______Drogba
42%
Gamal _____ NasserAbdel
30%
Ellen Johnson _______Sirleaf
24.5%
_________ of HippoAugustine
24.1%
______ AchebeChinua
21.5%
Miriam ______Makeba
17.5%
Julius _______Nyerere
14.7%
_______ MaathaiWangari
7.9%

Today's Daily Dose

Word Ladder
Manners?

Quick Pick
Bat and Ball

Get the Picture
Disney Villains VI

You're not logged in!

Compare scores with friends on all Sporcle quizzes.
OR
Log In

Sporcle TV

Today on Sporcle TV


Watch our educational content, quiz creation guides, and fun videos on Sporcle TV.

Show Comments

Extras

Top Quizzes Today


Score Distribution

Paid Content

Your Account Isn't Verified!

In order to create a playlist on Sporcle, you need to verify the email address you used during registration. Go to your Sporcle Settings to finish the process.

Report this User

Report this user for behavior that violates our Community Guidelines.

Details: